Statistics for Mexico Quiz

Click here to take the quiz!

General Stats

  • This quiz has been taken 20 times
  • The average score is 4 of 5

Answer Stats

Question Answer % Correct
What is the currency of Mexico?Peso
100%
What is the capital of Mexico?Mexico City
100%
On which continent is Mexico located?North America
100%
What is the population of Mexico129.2 million
64%
Who is currently the president of Mexico?Andrés Manuel López Obrador
55%

Score Distribution

Percentile by Number Answered

Percent of People with Each Score

Your Score History

You have not taken this quiz